000
00487nam a2200181Ia 4500
008
090124s9999 xx 000 0 und d
082
_b
15678
_a
5341
100
_a
गांगल वसंत
245
_a
गुणमंजिरी
250
_a
1
260
_c
1966
300
_a
76
600
_a
गांगल वसंत
630
_a
गुणमंजिरी
700
_a
गांगल वसंत
730
_a
गुणमंजिरी
942
_c
BOOK
999
_c
129618
_d
129618